000 00592nam a2200193 i 4500
001 142135
003 ES-MaACL
005 20230906200443.0
007 t|
008 071003s1983 gw ||||1| ger d
020 _a3-546-49695-7
100 1 _aWillms, Johannes.
_9116992
245 1 0 _aNationalismus ohne nation
_b: deutsche geschichte von 1789 bis 1914 /
_cJohannes Willms.
250 _a1 aufl.
260 _aDüsseldorf :
_bClaasen,
_c1983.
300 _a776 p. ;
_c25 cm.
500 _aBibliografía. Indice.
852 _aES-MaACL
_jG-13324
_bR.114135
_q. - Ded. autógr. del autor
999 _c142135
_d142135